[Event "Sachsen-Anhalt-ch op"]
[Site "Magdeburg"]
[Date "2021.10.31"]
[Round "7"]
[White "Loesche, Marian"]
[Black "Hensch, Frank"]
[Result "1-0"]
[WhiteElo "1722"]
[BlackElo "1346"]
[PlyCount "119"]
[EventDate "2021.10.28"]
[EventType "swiss"]
[EventRounds "7"]
[EventCountry "GER"]
[SourceTitle "CBM 205 Extra"]
[Source "ChessBase"]
[SourceDate "2022.01.31"]
[SourceVersion "1"]
[SourceVersionDate "2022.01.31"]
[SourceQuality "1"]

1. d4 b6 2. c4 d6 3. e4 e6 4. Nf3 h6 5. Nc3 Bb7 6. Be2 Nd7 7. 0-0 Be7 8. Bf4 g5 9. Bg3 g4 10. Ne1 h5 11. f3 Bh4 12. Bf2 Qe7 13. g3 Bf6 14. Ng2 a6 15. fxg4 hxg4 16. Bxg4 0-0-0 17. Ne3 Bg7 18. Qd2 Ngf6 19. Bf3 Rh7 20. d5 Ne5 21. Bg2 Bh6 22. Qe2 Rdh8 23. h3 Bg7 24. g4 Nfd7 25. Bg3 Ng6 26. Qf2 Bd4 27. Rad1 e5 28. Ne2 Bxb2 29. Nf5 Qf6 30. Qe3 Qd8 31. Rb1 Bd4 32. Nexd4 exd4 33. Qxd4 Kb8 34. a4 Qf6 35. Qxf6 Nxf6 36. Nxd6 Nd7 37. Nxf7 Rc8 38. Ng5 Rhh8 39. a5 Nge5 40. axb6 cxb6 41. Nf7 Rhe8 42. Rf5 Rc5 43. Nxe5 Nxe5 44. Rxe5 Rec8 45. Rxb6 Ka7 46. Rb4 a5 47. Ra4 Rd8 48. Bf2 Rdc8 49. Rxa5+ Kb6 50. Rxc5 Rxc5 51. Re6+ Kc7 52. Bxc5 Kd7 53. Re7+ Kc8 54. e5 Ba6 55. Bd6 Bxc4 56. Rc7+ Kd8 57. Rxc4 Kd7 58. Rc7+ Kd8 59. e6 Ke8 60. Rc8# 1-0

[Event "Sachsen-Anhalt 30 Years op"]
[Site "Magdeburg"]
[Date "2020.10.25"]
[Round "7.18"]
[White "Knappe, Stefan"]
[Black "Hensch, Frank"]
[Result "1-0"]
[WhiteElo "1364"]
[BlackElo "1284"]
[PlyCount "80"]
[EventDate "2020.10.22"]
[EventType "swiss"]
[EventRounds "7"]
[EventCountry "GER"]
[SourceTitle "EXT 2022"]
[Source "ChessBase"]
[SourceDate "2021.10.06"]
[SourceVersion "1"]
[SourceVersionDate "2021.10.06"]
[SourceQuality "1"]

1. d4 b6 2. e4 Bb7 3. Nc3 a6 4. Bd3 d6 5. Be3 e6 6. Nf3 h6 7. 0-0 Be7 8. Qd2 Nd7 9. d5 e5 10. Ne2 Bf6 11. Ng3 g6 12. c4 Qe7 13. b4 c5 14. a4 a5 15. bxc5 dxc5 16. Bc2 Qd6 17. Ne1 Ba6 18. Bb3 Bg7 19. Rc1 Ngf6 20. Bd1 Bb7 21. f4 Bc8 22. fxe5 Nxe5 23. Bf4 Nfd7 24. Nd3 Qe7 25. Nxe5 Nxe5 26. Be2 h5 27. Rf2 Ng4 28. d6 Qe6 29. Bxg4 hxg4 30. e5 Ra7 31. Re1 Ba6 32. Qd5 Qxd5 33. cxd5 Kd8 34. Bg5+ Ke8 35. Bf6 Kf8 36. e6 Bxf6 37. e7+ Ke8 38. d7+ Rxd7 39. Rxf6 Bb7 40. d6 Rh6 1-0

[Event "Sachsen-Anhalt 30 Years op"]
[Site "Magdeburg"]
[Date "2020.10.24"]
[Round "6.16"]
[White "Hensch, Frank"]
[Black "Hoffmann, Siegfried"]
[Result "0-1"]
[WhiteElo "1284"]
[BlackElo "1569"]
[PlyCount "102"]
[EventDate "2020.10.22"]
[EventType "swiss"]
[EventRounds "7"]
[EventCountry "GER"]
[SourceTitle "EXT 2022"]
[Source "ChessBase"]
[SourceDate "2021.10.06"]
[SourceVersion "1"]
[SourceVersionDate "2021.10.06"]
[SourceQuality "1"]

1. b3 Nc6 2. Bb2 d5 3. e3 e5 4. a3 g6 5. h3 Bg7 6. Bb5 Nge7 7. Nf3 Bd7 8. Qe2 0-0 9. d3 a6 10. Bxc6 Nxc6 11. 0-0 e4 12. Bxg7 exf3 13. Qxf3 Kxg7 14. Qxd5 Be6 15. Qxd8 Raxd8 16. f3 Rfe8 17. e4 Nd4 18. Rf2 Rd6 19. a4 Rc6 20. Na3 b5 21. axb5 axb5 22. Ra2 Ra8 23. c4 bxc4 24. bxc4 Rca6 25. Nb5 Rxa2 26. Nxd4 Rxf2 27. Kxf2 Ra2+ 28. Ne2 f5 29. Ke3 fxe4 30. fxe4 Kf6 31. g4 Ra3 32. Kd4 c5+ 33. Kxc5 Rxd3 34. Nf4 Rf3 35. g5+ Ke5 36. Nxe6 Kxe6 37. Kc6 Rf4 38. c5 Rxe4 39. Kc7 Rc4 40. Kc6 Rc3 41. h4 Rc4 42. Kb5 Kd5 43. c6 Rxc6 44. Kb4 Rc4+ 45. Kb5 Rxh4 46. Kb6 Rb4+ 47. Ka5 Rb8 48. Ka4 Kc5 49. Ka3 Kc4 50. Ka2 Kc3 51. Ka1 Kc2 0-1